| 000 | 00653 a2200169 4500 | ||
|---|---|---|---|
| 999 |
_c6044 _d6044 |
||
| 020 | _a0850927951 | ||
| 050 | _aT174.3 SAG 2004 | ||
| 100 |
_aSaggi, Kamal _eauthor |
||
| 245 |
_aInternational technology transfer to developing countries / _cKamal Saggi |
||
| 264 |
_aLondon : _bCommonwealth Secretariat, _cc2004 |
||
| 300 |
_a91 p. : _b ill. ; 24 cm |
||
| 440 | _aEconomic paper ; 64 Economic paper (Commonwealth Secretariat) ; 64 | ||
| 500 | _aIncludes bibliographical references (p. 84-91) | ||
| 650 |
_aTechnology transfer _x Developing countries |
||
| 710 | _aCommonwealth Secretariat. Economic Affairs Division | ||
| 942 |
_2lcc _cBK _h174.3 _iSAG _kT |
||